Statistics for U.S. Map but It's a Sudoku

Click here to take the quiz!

General Stats

  • This quiz has been taken 49 times
  • The average score is 35 of 49

Answers on the Map

Answers color-coded by a green-red scale on the quiz's map according to % correct below.
 

Answer Stats

StateNumber% Correct
Alabama7
89%
California5
86%
Arizona1
84%
Colorado2
84%
Washington1
81%
Arkansas4
81%
Oregon2
76%
Idaho3
76%
Minnesota1
73%
Nevada4
73%
Wyoming5
73%
Montana6
73%
Connecticut8
73%
District of Columbia9
73%
Missouri9
73%
Florida9
73%
Tennessee1
70%
Mississippi11
70%
North Carolina12
70%
North Dakota2
70%
Illinois2
70%
Kansas3
70%
Louisiana3
70%
South Dakota4
70%
Texas5
70%
Michigan6
70%
Iowa7
70%
New Mexico7
70%
Georgia8
70%
Utah9
70%
Wisconsin10
68%
Maryland2
68%
Delaware4
68%
Indiana4
68%
Kentucky5
68%
South Carolina6
68%
Oklahoma6
68%
Nebraska8
68%
West Virginia11
65%
Virginia3
65%
Massachusetts6
65%
Maine8
65%
Ohio8
65%
Pennsylvania10
62%
New Hampshire10
62%
New York12
62%
New Jersey3
62%
Vermont7
62%
Rhode Island9
62%

Score Distribution

Percentile by Number Answered

Percent of People with Each Score

Your Score History

You have not taken this quiz